000 01723nam a2200277 a 4500
008 120416s2005 ||||||||||||||||| || u
020 _a0821358634
100 _aBeghin, John C
245 1 0 _aGlobal agricultural trade and developing countries
_cedited by M. Ataman Aksoy and John C. Beghin
260 _aWashington, D.C.:
_bWorld Bank
_c2005
300 _axviii, 329p.: ill. + CD-ROM
350 _a0.00
490 _aTrade and decvelopment series
500 _aText accompanied by a CD copy
650 _aAGRICULTURE
650 _aPRODUCE TRADE--DEVELOPING COUNTRIES
650 _aPRODUCE TRADE--GOVERNMENT POLICY--DEVELOPING COUNTRIES
700 _aAksoy, M. Ataman
710 _aWorld Bank
995 _aMEDICAL LIBRARY OPEN ACCESS
_e903625
_FCBU-SCHOOL OF MEDICINE LIBRARY (Ndola)
_I0.00
_jHD 9018.D44 Glo
_M6
_UAVAILABLE
_WMay 9, 2016
_y903625
_ZMedical Library Open Access Collection
995 _aMAIN LIBRARY OPEN ACCESS
_e745970
_FCBU-MAIN LIBRARY (Kitwe)
_I0.00
_jHD 9018.D44 Glo
_M3
_UAVAILABLE
_WApr 25, 2016
_y745971
_ZMain Library Open Access Collection
995 _aSPECIAL COLLECTIONS
_e500434
_FCBU-DAG HAMMARSKJOLD INSTITUTE LIBRARY
_I0.00
_jHD 9018.D44 Glo
_M5
_UAVAILABLE
_WMay 9, 2016
_y500434
_ZDHIPS Book Collection
995 _aSPECIAL COLLECTIONS
_e500433
_FCBU-DAG HAMMARSKJOLD INSTITUTE LIBRARY
_I0.00
_jHD 9018.D44 Glo
_M4
_UAVAILABLE
_WMay 9, 2016
_y500433
_ZDHIPS Book Collection
995 _aMAIN LIBRARY OPEN ACCESS
_e745970
_FCBU-MAIN LIBRARY (Kitwe)
_I45.00
_jHD 9018.D44 Glo
_M2
_UAVAILABLE
_WApr 25, 2016
_y745970
_ZMain Library Open Access Collection
995 _aSPECIAL COLLECTIONS
_D0.00
_eIBRD(02)2005/36
_FCBU-MAIN LIBRARY (Kitwe)
_H1
_I0.00
_jIBRD(02)2005/ 36
_M1
_UAVAILABLE
_y56207
_ZInternational Publications
999 _c63904
_d63904